Handbook of energy audits (Record no. 104428)
[ view plain ]
| 000 -LEADER | |
|---|---|
| fixed length control field | 01072cam a2200229 4500 |
| 001 - CONTROL NUMBER | |
| control field | ##L130290 |
| 008 - FIXED-LENGTH DATA ELEMENTS--GENERAL INFORMATION | |
| fixed length control field | 050712n2003 000 0 eng u |
| 020 ## - INTERNATIONAL STANDARD BOOK NUMBER | |
| International Standard Book Number | 0881734160 (Fairmont Press) |
| -- | 0824709985 (Marcel Dekker) |
| 035 ## - SYSTEM CONTROL NUMBER | |
| System control number | (Sirsi) u130290 |
| 041 0# - LANGUAGE CODE | |
| Language code of text/sound track or separate title | eng |
| 050 04 - LIBRARY OF CONGRESS CALL NUMBER | |
| Classification number | 333.72 $2 18 |
| -- | 658.26 $2 21 |
| 100 1# - MAIN ENTRY--PERSONAL NAME | |
| Personal name | Thumann, Albert |
| 245 00 - TITLE STATEMENT | |
| Title | Handbook of energy audits |
| 250 ## - EDITION STATEMENT | |
| Edition statement | 6th ed. |
| 260 ## - PUBLICATION, DISTRIBUTION, ETC. | |
| Place of publication, distribution, etc. | Lilburn |
| Name of publisher, distributor, etc. | Fairmont Press |
| Place of publication, distribution, etc. | New York |
| Name of publisher, distributor, etc. | Marcel Dekker |
| Date of publication, distribution, etc. | 2003 |
| 300 ## - PHYSICAL DESCRIPTION | |
| Extent | vii, 440p. |
| Dimensions | 24cm. |
| 350 ## - PRICE (NR) (BK AM CF MU VM SE) [OBSOLETE] | |
| Price | 74.99 |
| 520 ## - SUMMARY, ETC. | |
| Summary, etc. | Practical reference work on energy auditing in buildings and industry. Includes all the information necessary to plan and implement an accurate energy audit of any type of building, including electrical, mechanical and building systems analysis. Offers a guide to accounting procedures, rate of return, life cycle cost analysis and understanding your utility bills. Includes case studies. |
| 690 ## - LOCAL SUBJECT ADDED ENTRY--TOPICAL TERM (OCLC, RLIN) | |
| Topical term or geographic name as entry element | ENVIRONMENTAL AND LAND CONSULTANCY-ENERGY-ENERGY USE-ENERGY CONSERVATION |
| 700 1# - ADDED ENTRY--PERSONAL NAME | |
| Personal name | Younger, William J. |
| 942 ## - ADDED ENTRY ELEMENTS (KOHA) | |
| Suppress in OPAC | 0 |
| Withdrawn status | Lost status | Source of classification or shelving scheme | Damaged status | Not for loan | Home library | Current library | Shelving location | Date acquired | Cost, normal purchase price | Total Checkouts | Full call number | Barcode | Date last seen | Date last checked out | Copy number | Cost, replacement price | Price effective from | Koha item type |
|---|---|---|---|---|---|---|---|---|---|---|---|---|---|---|---|---|---|---|
| Dewey Decimal Classification | London | London | Books | 16/02/2006 | 74.99 | 13 | 333.72 THU | 30071280 | 06/08/2019 | 25/01/2010 | 1 | 74.99 | 06/08/2019 | Book |